000 00855nab a2200253 u 4500
001 17323
003 HDC
007 cr bn ---aaaaa
008 210223c20121201xx dr|noo 0 a eng d
040 _aHDC
100 _aFielding , Michael
_eauthor
_916778
245 4 _aThe future of ritual slaughter in the U.S. / by
_cMichael Fielding
260 _a[No place] :
_b[publisher not identified],
_c2012
336 _atext
_2rdacontent
337 _acomputer
_2rdamedia
338 _aonline resource
_2rdacarrier
650 _aritual slaughter
_92276
650 _aslaughter systems
_916779
710 _aHalal Focus
856 _zRequest full-text at [email protected]
942 _2lcc
942 _cNEWS
942 _kNWSO 005902
999 _c14639
_d14639